Normal view
MARC view
- Russia
Entry Geographic Name
001 - CONTROL NUMBER
- control field: 87074
003 - CONTROL NUMBER IDENTIFIER
- control field: OSt
005 - DATE AND TIME OF LATEST TRANSACTION
- control field: 20260113141227.0
008 - FIXED-LENGTH DATA ELEMENTS
- fixed length control field: 260113|| aca||aabn | a|a d
040 ## - CATALOGING SOURCE
- Original cataloging agency: OSt
- Transcribing agency: OSt
151 ## - HEADING--GEOGRAPHIC NAME
- Geographic name: Russia
670 ## - SOURCE DATA FOUND
- Source citation: Work cat.: (OSt)50055: Flint, Katy, author. 87068, Swan lake /, October 1, 2019.